Estatísticas para Nomeie Esse Símbolo

Clique aqui para jogar o quiz

Estatísticas Gerais

  • Esse quiz foi jogado 3 826 vezes
  • A pontuação média é 15 de 24

Estatísticas das Respostas

SímboloNome% Correto
,Vírgula
99%
!Ponto de Exclamação
97%
?Ponto de Interrogação
97%
.Ponto Final
96%
:Dois-Pontos
94%
;Ponto e Vírgula
94%
@Arroba
92%
/Barra
91%
"Aspas Curvas
90%
Obelisco
80%
...Reticências
75%
^Acento Circunflexo
72%
{Chave
67%
~Til
65%
-Hífen
58%
\Contrabarra
46%
£Libra Esterlina
42%
'Apóstrofo
40%
©Direitos Autorais
25%
&"E" Comercial
24%
Pé de Mosca
6%
Interrobangue
4%
«Aspas Angulares
3%
Ponto Lista
3%

Distribuição das Pontuações

Percentil de Números Respondidos

Porcentagem de Pessoas com Cada Pontuação

Sua Pontuação Histórica

Você não jogou esse quiz